000 01113cam a22003377a 4500
003 CHAP
005 20220817042344.0
008 971013s1961 r 00010 d
010 _a41884
011 _a42856
035 _a46986
040 _cCHAP
082 _a338.91
_bM97Y
100 0 0 _aMyrdal, Gunnar.
_979959
245 1 3 _aEl estado del futuro
260 _aMéxico, D.F. :
_bFondo de Cultura Económica,
_c1961
300 _a295 p
490 0 _aColección popular
_v; 25
590 _aBATCH-UPD
_b10
_c20130109
_lUCH01
_h2344
590 _aBATCH-UPD
_b10
_c20130110
_lUCH01
_h1247
590 _aBATCH-UPD
_b10
_c20130410
_lUCH01
_h0810
590 _aBATCH-UPD
_b10
_c20130914
_lUCH01
_h1005
590 _aCONVERSION
_b10
_c20130109
_lUCH01
_h1323
650 1 4 _aPolítica económica.
650 1 4 _aRelaciones económicas internacionales.
_995813
830 0 _aColección popular
_v; 25
_924953
901 _aBK
942 _cLIBRO
949 _a338.91 M97Y
_bBC
_cLIBRO
_d33724000110177
_eLIBRO
_fc.3
_h80414
_i46986
_si
_t65.00
949 _a338.91 M97Y
_bBC
_cLIBRO
_d33724000679460
_eLIBRO
_h40227
_i46986
_mD
_si
_t65.00
999 _c41884
_d41884